Tibet's Hidden Wilderness: Wildlife and Nomads of the Chang Tang Reserve. (Record no. 603594)
[ view plain ]
| 000 -LEADER | |
|---|---|
| fixed length control field | 00542nam a2200145Ia 4500 |
| 008 - FIXED-LENGTH DATA ELEMENTS--GENERAL INFORMATION | |
| fixed length control field | 100415s9999 xx 000 0 und d |
| 082 ## - DEWEY DECIMAL CLASSIFICATION NUMBER | |
| Item number | 20712 |
| Classification number | 508.515 |
| 100 ## - MAIN ENTRY--PERSONAL NAME | |
| Personal name | SCHALLER, GEORGE B. |
| 245 ## - TITLE STATEMENT | |
| Title | Tibet's Hidden Wilderness: Wildlife and Nomads of the Chang Tang Reserve. |
| 260 ## - PUBLICATION, DISTRIBUTION, ETC. (IMPRINT) | |
| Place of publication, distribution, etc | NEW YORK |
| Date of publication, distribution, etc | 1997 |
| Name of publisher, distributor, etc | HARRY N. ABRAMS,INC. |
| 365 ## - TRADE PRICE | |
| Price amount | 2268 |
| 630 ## - SUBJECT ADDED ENTRY--UNIFORM TITLE | |
| Uniform title | Tibet's Hidden Wilderness: Wildlife and Nomads of the Chang Tang Reserve. |
| 730 ## - ADDED ENTRY--UNIFORM TITLE | |
| Uniform title | Tibet's Hidden Wilderness: Wildlife and Nomads of the Chang Tang Reserve. |
| 942 ## - ADDED ENTRY ELEMENTS (KOHA) | |
| Koha item type | Book |
| Withdrawn status | Lost status | Damaged status | Not for loan | Home library | Current library | Date acquired | Cost, normal purchase price | Total Checkouts | Full call number | Barcode | Date last seen | Price effective from | Koha item type |
|---|---|---|---|---|---|---|---|---|---|---|---|---|---|
| Bombay Natural History Society | Bombay Natural History Society | 12/13/2003 | 2268.00 | 508.515 20712 | BNHS-20712 | 04/15/2010 | 04/15/2010 | Book |